Soziologische Gegenwartsdiagnosen
Αποθηκεύτηκε σε:
| Άλλοι συγγραφείς: | , |
|---|---|
| Μορφή: | Βιβλίο |
| Γλώσσα: | German |
| Δημοσίευση: |
Opladen :
Leske & Budrich,
2000
|
| Σειρά: | UTB fur Wissenschaft
|
| Θέματα: | |
| Ετικέτες: |
Προσθήκη ετικέτας
Δεν υπάρχουν, Καταχωρήστε ετικέτα πρώτοι!
|
MARC
| LEADER | 00000nam a2200000 i 4500 | ||
|---|---|---|---|
| 001 | 1/47332 | ||
| 008 | 040121s2000 ger d | ||
| 020 | |a 3-8252-2349-3 (v.2) | ||
| 020 | |a 3-8252-2158-X (v.1) | ||
| 035 | |l 10072059 | ||
| 040 | |a GR-MY-UA |b gre |e aacr | ||
| 041 | 0 | |a ger | |
| 082 | 0 | |a 301 | |
| 245 | 1 | 0 | |a Soziologische Gegenwartsdiagnosen / |c Uwe Schimank, Ute Volkmann (Hrsg.) |
| 260 | |a Opladen : |b Leske & Budrich, |c 2000 | ||
| 300 | |a 2 v. | ||
| 490 | 1 | |a UTB fur Wissenschaft | |
| 505 | 0 | |a bd.1: Eine Bestandsaufnahme. - bd.2: Vergleichende Sekundaeranalysen | |
| 650 | 0 | 0 | |a Sociology. |
| 700 | 1 | |a Schimank, Uwe. |4 edt | |
| 700 | 1 | |a Volkmann, Ute. |4 edt | |
| 830 | 0 | |a UTB fur Wissenschaft | |
| 852 | |a INST |b RHODES |e 20040121 |h 301 SOZ |p 005400019569 |q 005400019569 |t BK |y 0 | ||
| 852 | |a INST |b RHODES |e 20040121 |h 301 SOZ |p 005400019570 |q 005400019570 |t BK |y 0 | ||
| 901 | |a BIBL4-2004-1 | ||
| 909 | |a Ρ |b 108127 | ||
| 909 | |a Ρ |b 108126 | ||
| 922 | |a 4ΕΛΗ |b 200312 |c ΕΠΕΑΕΚ2/ΤΕΠΑΕΣ |d ΜΙΧΑΛΟΠΟΥΛΟΣ | ||
| 950 | |a 095-2003-10-18 | ||
| 970 | |a ΚΟΥΛΑΚΙΟΤΗ |b ΛΙΤΣΑ |z 2004/02/27 | ||